000 00360nam a2200133Ia 4500
005 20260326100026.0
008 260326s9999||||xx |||||||||||||| ||und||
100 _aBullrich, Francisco
245 0 _aArquitectura Argentina Contemporánea /
_cFrancisco Bullrich
260 _bEdiciones Nueva Visión
300 _a164 p.
650 _aLATINOAMÉRICA
942 _cBK
999 _c6387
_d6387